| 000 | 00813nam a2200253Ia 4500 | ||
|---|---|---|---|
| 003 | OSt | ||
| 005 | 20220926000820.0 | ||
| 006 | a|||||r|||| 00| 0 | ||
| 007 | ta | ||
| 008 | 220923b |||||||| |||| 00| 0 eng d | ||
| 020 | _cRs195.00 | ||
| 037 |
_b8216dt, 18/01/1986, Batra _cGeneral Book |
||
| 040 |
_aRTL _cRTL _beng |
||
| 041 |
_2eng _aeng |
||
| 082 | _aU43.2.N8, M3 | ||
| 100 |
_aSingh Vashistha Narayan _9303046 |
||
| 245 | 0 | _aSpatial urban pattern and growth of urbanisation | |
| 260 |
_a New Delhi _bInter-India Publications India _c1986 |
||
| 300 |
_axvii, 284p. _ccm. |
||
| 500 | _aBibliography p.349-79; Appendix p.226-48 | ||
| 650 | _aUrban Geography | ||
| 942 |
_hU43.2.N8, M3 _cGB _2CC |
||
| 999 |
_c599821 _d599821 |
||